Statistics for Men's Soccer Players by Last Name

Click here to take the quiz!

General Stats

  • This quiz has been taken 381 times
    (371 since last reset)
  • The average score is 19 of 21

Answer Stats

First Last % Correct
DiegoMaradona
99%
LionelMessi
99%
CristianoRonaldo
98%
DavidBeckham
98%
WayneRooney
97%
LukaModrić
96%
LuisSuárez
95%
ZlatanIbrahimović
95%
EdenHazard
94%
GarethBale
93%
Robinvan Persie
93%
ManuelNeuer
91%
GerardPiqué
88%
AntoineGriezmann
87%
AndrésIniesta
85%
GianluigiBuffon
83%
DimitriPayet
79%
ClaudioBravo
79%
ClintDempsey
76%
JavierHernández
69%
LevYashin
61%

Score Distribution

Percentile by Number Answered

Percent of People with Each Score

Your Score History

You have not taken this quiz since the last reset